| 000 | 01339cad a22002295a 4500 | ||
|---|---|---|---|
| 001 | L154589 | ||
| 008 | 120103s2011 xxk f 000 0 eng d | ||
| 035 | _a(Sirsi) u154589 | ||
| 041 | 0 | _aeng | |
| 110 | 2 |
_aStrutt & Parker _92509 |
|
| 245 | 0 | 4 |
_aThe Strutt & Parker IPD lease events review 2011 _h[electronic resource] |
| 260 |
_aLondon _bStrutt & Parker _bIPD _c2011 |
||
| 490 | 0 | _aStrutt & Parker IPD Lease Events Review | |
| 520 | _aTracks the major lease events that determine the income stream from commercial real estate in the UK. Covers what has happened following a lease enquiry and also looks at what happens to the rent on a new lease compared to the previous lease. Identifies the results of break clauses, examines the proportion of leases where the tenant has entered into liquidation or receivership, and focuses on average vacancy rates. | ||
| 590 | _aNTK KA | ||
| 651 | 4 |
_aUnited Kingdom _y |
|
| 690 | _aPROPERTY-COMMERCIAL PROPERTY-COMMERCIAL PROPERTY MARKET | ||
| 690 | _aPROPERTY-COMMERCIAL PROPERTY-LEASEHOLD COMMERCIAL PROPERTY-COMMERCIAL LANDLORD AND TENANT-COMMERCIAL LEASES | ||
| 710 | 1 |
_aInvestment Property Databank _92288 |
|
| 856 | 4 | 0 |
_uhttps://www.struttandparker.com/publications-and-research/research/lease-events-review-2011 _zView this review free of charge at www.struttandparker.com |
| 942 | _n0 | ||
| 999 |
_c113050 _d113050 |
||